Wszystkie mecze Polski w kwalifikacjach do Mistrzostwach Świata. - Statystyki

Ogólne statystyki
  • Ten quiz został rozwiązany 461 razy
  • Średni wynik to 104 z 126
Statystyki odpowiedzi
Zakwalifikowano Do Jakiej Edycji Wynik Reprezentacja % Poprawnych
TAK 1974 2-0 Anglia
94%
TAK 1974 1-1 Anglia
94%
NIE 1990 0-3 Anglia
94%
NIE 1990 0-0 Anglia
94%
NIE 1994 1-1 Anglia
94%
NIE 1994 0-3 Anglia
94%
NIE 1998 1-2 Anglia
94%
NIE 1998 0-2 Anglia
94%
TAK 2006 1-2 Anglia
94%
TAK 2006 1-2 Anglia
94%
NIE 2014 1-1 Anglia
94%
NIE 2014 0-2 Anglia
94%
TAK 2022 1-2 Anglia
94%
TAK 2022 1-1 Anglia
94%
NIE 1994 1-0 San Marino
93%
NIE 1994 3-0 San Marino
93%
NIE 2010 2-0 San Marino
93%
NIE 2010 10-0 San Marino
93%
NIE 2014 5-0 San Marino
93%
NIE 2014 5-1 San Marino
93%
TAK 2022 7-1 San Marino
93%
TAK 2022 5-0 San Marino
93%
NIE 1990 1-2 Szwecja
93%
NIE 1990 0-2 Szwecja
93%
TAK 2022 2-0 Szwecja
93%
NIE 2010 2-1 Czechy
90%
NIE 2010 0-2 Czechy
90%
TAK 1978 2-0 Portugalia
90%
TAK 1978 1-1 Portugalia
90%
TAK 2002 3-1 Ukraina
90%
TAK 2002 1-1 Ukraina
90%
NIE 2014 1-3 Ukraina
90%
NIE 2014 0-1 Ukraina
90%
NIE 2010 1-2 Słowacja
89%
NIE 2010 0-1 Słowacja
89%
TAK 2022 3-3 Węgry
89%
TAK 2022 1-2 Węgry
89%
NIE 1994 0-1 Norwegia
87%
NIE 1994 0-3 Norwegia
87%
TAK 2002 3-2 Norwegia
87%
TAK 2002 3-0 Norwegia
87%
TAK 1986 2-2 Albania
86%
TAK 1986 1-0 Albania
86%
NIE 1990 1-0 Albania
86%
NIE 1990 2-1 Albania
86%
TAK 2022 4-1 Albania
86%
TAK 2022 1-0 Albania
86%
TAK 1978 2-1 Dania
86%
TAK 1978 4-1 Dania
86%
TAK 2018 3-2 Dania
86%
TAK 2018 0-4 Dania
86%
NIE 2010 1-1 Słowenia
86%
NIE 2010 0-3 Słowenia
86%
NIE 1958 3-1 Finlandia
85%
NIE 1958 4-0 Finlandia
85%
NIE 1966 0-2 Finlandia
85%
NIE 1966 7-0 Finlandia
85%
NIE 1970 0-1 Holandia
85%
NIE 1970 2-1 Holandia
85%
NIE 1994 2-2 Holandia
85%
NIE 1994 1-3 Holandia
85%
TAK 2018 3-0 Rumunia
85%
TAK 2018 3-1 Rumunia
85%
NIE 1966 0-0 Włochy
84%
NIE 1966 1-6 Włochy
84%
NIE 1998 0-0 Włochy
84%
NIE 1998 0-3 Włochy
84%
NIE 1998 2-1 Mołdawia
83%
NIE 1998 3-0 Mołdawia
83%
NIE 2014 2-0 Mołdawia
83%
NIE 2014 1-1 Mołdawia
83%
NIE 1966 1-1 Szkocja
83%
NIE 1966 2-1 Szkocja
83%
TAK 2022 3-0 Andora
82%
TAK 2022 4-1 Andora
82%
TAK 2002 2-1 Walia
81%
TAK 1986 3-1 Grecja
81%
TAK 1986 4-1 Grecja
81%
TAK 1974 0-2 Walia
81%
TAK 1974 3-0 Walia
81%
TAK 2002 0-0 Walia
81%
TAK 2006 3-2 Walia
81%
TAK 2006 1-0 Walia
81%
TAK 2006 3-1 Austria
80%
TAK 2006 3-2 Austria
80%
TAK 1986 0-2 Belgia
78%
TAK 1986 0-0 Belgia
78%
TAK 2006 3-0 Irlandia Północna
78%
TAK 2006 1-0 Irlandia Północna
78%
NIE 2010 2-3 Irlandia Północna
78%
NIE 2010 1-1 Irlandia Północna
78%
NIE 1958 0-3 Związek Radziecki
77%
NIE 1958 2-1 Związek Radziecki
77%
TAK 2002 3-1 Białoruś
76%
TAK 2002 1-4 Białoruś
76%
NIE 2014 2-2 Czarnogóra
76%
NIE 2014 1-1 Czarnogóra
76%
TAK 2018 2-1 Czarnogóra
76%
TAK 2018 4-2 Czarnogóra
76%
NIE 1970 1-4 Bułgaria
75%
NIE 1970 3-0 Bułgaria
75%
TAK 2002 4-0 Armenia
73%
TAK 2002 1-1 Armenia
73%
TAK 2018 2-1 Armenia
73%
TAK 2018 6-1 Armenia
73%
NIE 1994 1-0 Turcja
73%
NIE 1994 1-2 Turcja
73%
NIE 1998 4-1 Gruzja
72%
NIE 1998 0-3 Gruzja
72%
TAK 1938 4-0 Jugosławia
72%
TAK 1938 0-1 Jugosławia
72%
NIE 1962 1-2 Jugosławia
72%
NIE 1962 1-1 Jugosławia
72%
TAK 2018 2-2 Kazachstan
72%
TAK 2018 3-0 Kazachstan
72%
NIE 1970 8-1 Luksemburg
69%
NIE 1970 5-1 Luksemburg
69%
TAK 1982 2-0 Malta
67%
TAK 1982 6-0 Malta
67%
TAK 2006 8-0 Azerbejdżan
64%
TAK 2006 3-0 Azerbejdżan
64%
NIE 1934 1-2 Czechosłowacja
63%
TAK 1982 1-0 Wschodnie Niemcy
62%
TAK 1982 3-2 Wschodnie Niemcy
62%
TAK 1978 5-0 Cypr
60%
TAK 1978 3-1 Cypr
60%
Nie znaleziono quizów pasujących do podanych kryteriów
Rozkład punktacji
Procent ludzi z każdym wynikiem
Percentyl według liczby udzielonych odpowiedzi
Twoja historia wyników
Nie rozwiązałeś tego quizu